000 00199 a2200097 4500
001 29824
100 _aKirstein
245 _aspace charge flow
260 _a
_bMcGraw-Hill
_c
090 _c19840
_d19840
942 _aNUST-CAE
_cM
_c10936
999 _c264897
_d264897